Osiedla Tarnowa - Statystyki

Ogólne statystyki
  • Ten quiz został rozwiązany 78 razy
  • Średni wynik to 7 z 16
Statystyki odpowiedzi
Osiedle % Poprawnych
Mościce
77%
Krzyż
63%
Zielone
63%
Klikowa
57%
Westerplatte
48%
Gumniska
40%
Jasna
40%
Starówka
40%
Chyszów
37%
Rzędzin
37%
Grabówka
33%
Piaskówka
33%
Strusina
33%
Koszyce
28%
Legionów
28%
Krakowska
18%
Nie znaleziono quizów pasujących do podanych kryteriów
Rozkład punktacji
Procent ludzi z każdym wynikiem
Percentyl według liczby udzielonych odpowiedzi
Twoja historia wyników
Nie rozwiązałeś tego quizu